000 00311nam a2200133Ia 4500
005 20251222143134.0
008 251222s9999||||xx |||||||||||||| ||spa||
020 _a950-808-433-2
082 _a401.9/T36
100 _aTemporetti, Félix
245 0 _aEso no se Dice!:
264 _bHomo Sapiens
942 _cLIB
999 _c12055
_d12055